Movies Quiz

Random Movies or Letter Quiz

Double Letter James Bond Movies Quiz Stats

 Plays Quiz Updated Jul 18, 2016

Challenge
Share
Tweet
Embed
Score 0/8 Timer 03:00
2 Plays Today
James Bond Movie % Correct
Octopussy
85.6%
Moonraker
79.7%
Skyfall
78%
From Russia With Love
73%
Thunderball
66.5%
Tomorrow Never Dies
60.3%
Licence to Kill
55.6%
A View to a Kill
55.5%

You're not logged in!

Compare scores with friends on all Sporcle quizzes.
Join for Free
OR
Log In

You Might Also Like...

Show Comments

Extras

Top Quizzes Today


Score Distribution

Your Account Isn't Verified!

In order to create a playlist on Sporcle, you need to verify the email address you used during registration. Go to your Sporcle Settings to finish the process.

Report this User

Report this user for behavior that violates our Community Guidelines.

Details: